Name My Neighbors - Statistics

General Stats
  • This quiz has been taken 43 times
    33 since last reset
  • The average score is 23 of 26
Answer Stats
Hint Answer % Correct
Argentina
100%
China
97%
Chile Peru
97%
Ukraine
97%
United States
97%
Belarus
94%
Finland
94%
Estonia
90%
Kazakhstan
90%
Lithuania
90%
North Korea
90%
Russia Azerbaijan
87%
Mexico Belize
87%
Bolivia
87%
Georgia
87%
Chad Libya
87%
Mongolia
87%
Niger
87%
Sudan
87%
Guatemala
84%
Latvia
84%
Poland
81%
Central African Republic
74%
Nigeria
74%
Norway
71%
Cameroon
61%
No matching quizzes found
Score Distribution
Percent of People with Each Score
Percentile by Number Answered
Your Score History
You have not taken this quiz since the last reset